[Event "Hastings Chess Congress"]
[Site "Hastings ENG"]
[Date "2009.01.01"]
[EventDate "2008.12.28"]
[Round "5"]
[Result "1-0"]
[White "Milos Pavlovic"]
[Black "Karl McPhillips"]
[WhiteElo "2524"]
[BlackElo "2222"]
[PlyCount "55"]

1. Nf3 Nf6 2. c4 e6 3. b3 d5 4. g3 Bd6 5. Bg2 O-O 6. O-O a5
7. Nc3 c6 8. d4 Nbd7 9. Qc2 b6 10. e4 dxe4 11. Ng5 Bb7
12. Ncxe4 Be7 13. Rd1 Qc8 14. Bf4 h6 15. Nxf6+ Nxf6 16. Ne4
Rd8 17. c5 Nxe4 18. Bxe4 b5 19. Qe2 Rd7 20. Qf3 Qd8 21. Bxc6
Bxc6 22. Qxc6 Rc8 23. Qf3 Rxd4 24. Bd6 Rxd1+ 25. Rxd1 Bxd6
26. cxd6 Qd7 27. Qe4 Rc6 28. Qxc6 1-0

[Event "Hastings Chess Congress"]
[Site "Hastings ENG"]
[Date "2009.01.01"]
[EventDate "2008.12.28"]
[Round "5"]
[Result "0-1"]
[White "Michael J R White"]
[Black "Stewart Haslinger"]
[WhiteElo "2242"]
[BlackElo "2506"]
[PlyCount "56"]

1. e4 e5 2. Nf3 Nc6 3. d4 exd4 4. Nxd4 Bc5 5. Nxc6 bxc6 6. Bd3
Qh4 7. Qf3 Nf6 8. Bf4 d6 9. e5 Nd5 10. Bg3 Qb4+ 11. Nd2 O-O
12. Qe4 g6 13. O-O-O Qa5 14. Kb1 Bf5 15. Qc4 Nb6 16. Qh4 Be6
17. c4 Rfb8 18. Ne4 Na4 19. Kc1 Rxb2 20. Qh6 Rb1+ 21. Bxb1
Ba3+ 22. Kc2 Bf5 23. Kd3 d5 24. Ke3 dxe4 25. Bxe4 Qc3+ 26. Kf4
Bc1+ 27. Rxc1 Qd2+ 28. Kf3 Bxe4+ 0-1

[Event "Hastings Chess Congress"]
[Site "Hastings ENG"]
[Date "2009.01.01"]
[EventDate "2008.12.28"]
[Round "5"]
[Result "1-0"]
[White "Matthew N Anderton"]
[Black "Raymond Charles Cannon"]
[WhiteElo "2232"]
[BlackElo "2041"]
[PlyCount "67"]

1. e4 c5 2. Nf3 g6 3. c3 Bg7 4. d4 cxd4 5. cxd4 d5 6. exd5 Nf6
7. Bb5+ Bd7 8. Bc4 O-O 9. O-O b5 10. Bb3 Bc8 11. Re1 Bb7
12. Bg5 Bxd5 13. Bxd5 Nxd5 14. Nc3 Nxc3 15. bxc3 Bf6 16. Bxf6
exf6 17. Qb3 Qb6 18. a4 bxa4 19. Qxa4 Nc6 20. d5 Ne5 21. Nxe5
fxe5 22. Rxe5 Qb2 23. Qa3 Qxa3 24. Rxa3 Rac8 25. Kf1 Rc5
26. Rxa7 Rxc3 27. Ke2 Rd8 28. Ree7 Rxd5 29. Rxf7 Rc2+ 30. Ke3
Rdd2 31. f3 Rxg2 32. Rg7+ Kf8 33. Rxh7 Ra2 34. Rh8+ 1-0

[Event "Hastings Chess Congress"]
[Site "Hastings ENG"]
[Date "2009.01.01"]
[EventDate "2008.12.28"]
[Round "5"]
[Result "1-0"]
[White "Francis Rayner"]
[Black "Birk Anders Rolvaag"]
[WhiteElo "2151"]
[BlackElo "1880"]
[PlyCount "97"]

1. Nf3 Nf6 2. c4 c5 3. Nc3 Nc6 4. d4 cxd4 5. Nxd4 g6 6. Nc2
Bg7 7. e4 d6 8. Be2 O-O 9. Be3 Bd7 10. O-O Rc8 11. f3 h6
12. Qd2 Kh7 13. Rac1 Be6 14. Kh1 Nd7 15. Bg1 Qa5 16. Ne3 Nd4
17. Bd3 Ne5 18. b3 Nxd3 19. Qxd3 f5 20. Ned5 Nc6 21. Rfe1 Rf7
22. Qb1 fxe4 23. b4 Qa3 24. Nb5 Qb2 25. Qxe4 Bf5 26. Qh4 g5
27. Qh5 Rcf8 28. Nbc7 Nxb4 29. Nxb4 Qxb4 30. Nd5 Qb2 31. Bxa7
e6 32. Ne3 Qxa2 33. Nxf5 exf5 34. Bg1 d5 35. Bc5 dxc4 36. Bxf8
Rxf8 37. Re6 c3 38. Qg6+ Kh8 39. Re7 Rg8 40. Qxf5 Qd2 41. Qb1
b5 42. Ree1 Rb8 43. Qg6 Qd7 44. Re6 Rf8 45. Rce1 Qd4 46. Re8
b4 47. h3 b3 48. R1e7 Qf6 49. Qxf6 1-0

[Event "Hastings Chess Congress"]
[Site "Hastings ENG"]
[Date "2009.01.01"]
[EventDate "2008.12.28"]
[Round "5"]
[Result "0-1"]
[White "James J McDonnell"]
[Black "Ian Snape"]
[WhiteElo "2041"]
[BlackElo "2219"]
[PlyCount "32"]

1. e4 c5 2. b3 Nf6 3. e5 Nd5 4. Bb2 Nc6 5. Nf3 Nc7 6. Nc3 Ne6
7. g3 g6 8. Nd5 Bg7 9. Qe2 d6 10. Nf4 dxe5 11. Nxe6 Bxe6
12. Qb5 O-O 13. O-O-O Bg4 14. Be2 e4 15. Ng1 Bxb2+ 16. Kxb2
Nd4 0-1

[Event "Hastings Chess Congress"]
[Site "Hastings ENG"]
[Date "2009.01.02"]
[EventDate "2008.12.28"]
[Round "6"]
[Result "0-1"]
[White "Stephen Gordon"]
[Black "Emanuel Berg"]
[WhiteElo "2521"]
[BlackElo "2623"]
[PlyCount "30"]

1. d4 d5 2. c4 e5 3. dxe5 d4 4. Nf3 Nc6 5. a3 Nge7 6. b4 Ng6
7. b5 Ncxe5 8. Nxd4 Bc5 9. Bb2 Qh4 10. e3 Bg4 11. Qc2 O-O-O
12. Be2 Bxe2 13. Qxe2 Bxd4 14. Bxd4 Rxd4 15. exd4 Qxd4 0-1

[Event "Hastings Chess Congress"]
[Site "Hastings ENG"]
[Date "2009.01.02"]
[EventDate "2008.12.28"]
[Round "6"]
[Result "0-1"]
[White "Simon T Ansell"]
[Black "David Howell"]
[WhiteElo "2410"]
[BlackElo "2593"]
[PlyCount "76"]

1. e4 e5 2. Nf3 Nc6 3. d4 exd4 4. Nxd4 Bc5 5. Nxc6 Qf6 6. Qf3
bxc6 7. Nd2 d6 8. Bd3 Qxf3 9. Nxf3 Nf6 10. O-O Nd7 11. Bf4 f6
12. Nd2 a5 13. a4 Ne5 14. Be2 Be6 15. Kh1 Ke7 16. Bg3 g5
17. f3 Bd4 18. Rfb1 Rhb8 19. c3 Be3 20. Nf1 Bc5 21. Nd2 Rb7
22. b3 Rab8 23. Ra2 Be3 24. Bd1 Bxd2 25. Bxe5 fxe5 26. Rxd2 c5
27. Rdb2 Bd7 28. h4 gxh4 29. Ra1 c4 30. b4 axb4 31. cxb4 Rxb4
32. Rxb4 Rxb4 33. a5 Bb5 34. Kh2 Ba6 35. Ba4 Rb2 36. Kh3 Kf6
37. Bc6 Kg5 38. Rc1 Ra2 0-1

[Event "Hastings Chess Congress"]
[Site "Hastings ENG"]
[Date "2009.01.02"]
[EventDate "2008.12.28"]
[Round "6"]
[Result "1-0"]
[White "Valery Neverov"]
[Black "Didier Leroy"]
[WhiteElo "2571"]
[BlackElo "2286"]
[PlyCount "47"]

1. d4 d5 2. Nf3 e6 3. c4 a6 4. cxd5 exd5 5. Nc3 c6 6. Bf4 Bd6
7. Bg3 Ne7 8. e3 O-O 9. Qb3 Qc7 10. Bd3 Nd7 11. Qc2 g6
12. O-O-O Nf6 13. Bh4 Ne8 14. Bg5 Ng7 15. e4 Bf4+ 16. Kb1 dxe4
17. Bxe4 Bxg5 18. Nxg5 Bf5 19. h4 Qf4 20. g3 Bxe4 21. Ngxe4
Qf3 22. Rhe1 Nef5 23. Rd3 Qg2 24. g4 1-0

[Event "Hastings Chess Congress"]
[Site "Hastings ENG"]
[Date "2009.01.02"]
[EventDate "2008.12.28"]
[Round "6"]
[Result "1/2-1/2"]
[White "Jovanka Houska"]
[Black "Stewart Haslinger"]
[WhiteElo "2399"]
[BlackElo "2506"]
[PlyCount "62"]

1. d4 d5 2. Nf3 Nf6 3. c4 e6 4. e3 c5 5. Nc3 a6 6. dxc5 Bxc5
7. a3 O-O 8. cxd5 exd5 9. Be2 Nc6 10. O-O d4 11. exd4 Nxd4
12. Nxd4 Bxd4 13. Bf3 Qb6 14. Bg5 Be6 15. Bxf6 Bxf6 16. Nd5
Bxd5 17. Qxd5 Rab8 18. Rab1 Rfd8 19. Qf5 Rd2 20. b4 Ra2
21. Qc5 Bd4 22. Qxb6 Bxb6 23. Rbd1 Rxa3 24. Rd7 Ra4 25. Bxb7
Rxb4 26. Bxa6 Ra8 27. Bb7 Ra7 28. Bc6 Ra5 29. Bd5 Rf4 30. g3
Rf6 31. Rb1 h6 1/2-1/2

[Event "Hastings Chess Congress"]
[Site "Hastings ENG"]
[Date "2009.01.02"]
[EventDate "2008.12.28"]
[Round "6"]
[Result "0-1"]
[White "Mikael Rolvag"]
[Black "Simon Kim Williams"]
[WhiteElo "2199"]
[BlackElo "2494"]
[PlyCount "86"]

1. d4 e6 2. c4 f5 3. g3 Nf6 4. Bg2 Be7 5. Nc3 O-O 6. Nh3 d6
7. O-O e5 8. dxe5 dxe5 9. Qxd8 Bxd8 10. Ng5 c6 11. b3 e4
12. h4 Na6 13. Bf4 h6 14. Nh3 Be6 15. Rfd1 Ba5 16. Rac1 Rad8
17. Na4 Bb4 18. Be5 Ng4 19. Bd4 c5 20. Bb2 Bd2 21. Ra1 b6
22. Bc3 Bxc3 23. Nxc3 e3 24. f3 Nf6 25. Nf4 Bf7 26. Nb5 Nb4
27. Nxa7 g5 28. hxg5 hxg5 29. Nh3 Nc2 30. Rab1 Nd4 31. Bf1 Nh5
32. Nb5 g4 33. Ng5 gxf3 34. Nxd4 f2+ 35. Kg2 cxd4 36. Nf3 f4
37. Rxd4 Rxd4 38. Nxd4 Nxg3 39. Rc1 Kg7 40. a4 Rh8 41. Nc2
Nxf1 42. Rxf1 Bh5 43. Nd4 Kf6 0-1

[Event "Hastings Chess Congress"]
[Site "Hastings ENG"]
[Date "2009.01.02"]
[EventDate "2008.12.28"]
[Round "6"]
[Result "1/2-1/2"]
[White "Aaron Summerscale"]
[Black "Simon J B Knott"]
[WhiteElo "2467"]
[BlackElo "2348"]
[PlyCount "40"]

1. Nf3 Nf6 2. c4 g6 3. Nc3 d5 4. cxd5 Nxd5 5. Qa4+ Bd7 6. Qh4
Nxc3 7. dxc3 Nc6 8. e4 e5 9. Bg5 Be7 10. Bc4 h5 11. Bxe7 Qxe7
12. Qxe7+ Kxe7 13. Bd5 Bg4 14. Nd2 Nd8 15. f3 Be6 16. O-O-O c6
17. Bxe6 Nxe6 18. Nc4 f6 19. Na5 Nd8 20. Nc4 Nf7 1/2-1/2

[Event "Hastings Chess Congress"]
[Site "Hastings ENG"]
[Date "2009.01.02"]
[EventDate "2008.12.28"]
[Round "6"]
[Result "0-1"]
[White "Karl McPhillips"]
[Black "Mark Hebden"]
[WhiteElo "2222"]
[BlackElo "2515"]
[PlyCount "60"]

1. d4 Nf6 2. c4 g6 3. Nc3 Bg7 4. e4 d6 5. Bd3 O-O 6. Nge2 Nc6
7. O-O Nh5 8. Bc2 e5 9. d5 Ne7 10. a4 f5 11. exf5 gxf5 12. Ng3
Nf4 13. Nh5 Nxh5 14. Qxh5 Ng6 15. f4 e4 16. Be3 c5 17. g4 Qh4
18. Qxh4 Nxh4 19. Nb5 Nf3+ 20. Kg2 Nd4 21. Bxd4 cxd4 22. Nxd6
d3 23. Bb3 Bxb2 24. Rad1 Ba3 25. Nxc8 Raxc8 26. d6 Kg7 27. d7
Rcd8 28. c5 Kf6 29. gxf5 Kxf5 30. Ra1 Bxc5 0-1

[Event "Hastings Chess Congress"]
[Site "Hastings ENG"]
[Date "2009.01.02"]
[EventDate "2008.12.28"]
[Round "6"]
[Result "1-0"]
[White "Andrew Greet"]
[Black "Matthew N Anderton"]
[WhiteElo "2440"]
[BlackElo "2232"]
[PlyCount "77"]

1. e4 e6 2. d4 d5 3. Nc3 Bb4 4. e5 c5 5. a3 Bxc3+ 6. bxc3 Ne7
7. Qg4 Qc7 8. Qxg7 Rg8 9. Qxh7 cxd4 10. Ne2 Nbc6 11. f4 Bd7
12. Qd3 dxc3 13. Nxc3 a6 14. Ne2 Nf5 15. h3 Na5 16. g4 Ne7
17. Nd4 Nec6 18. Be3 Nc4 19. Nxc6 Bxc6 20. Bd4 f6 21. exf6
Qxf4 22. Be2 O-O-O 23. Rf1 Qh6 24. Rd1 Qh4+ 25. Rf2 e5 26. Bc5
e4 27. Qc3 e3 28. Bxe3 Qxh3 29. Bd4 Qh1+ 30. Rf1 Qh4+ 31. Bf2
Qg5 32. Bg3 Rge8 33. f7 Re3 34. Rd3 Qe7 35. Rxe3 Nxe3 36. f8=Q
Ng2+ 37. Kd2 Rxf8 38. Rxf8+ Qxf8 39. Qe5 1-0

[Event "Hastings Chess Congress"]
[Site "Hastings ENG"]
[Date "2009.01.02"]
[EventDate "2008.12.28"]
[Round "6"]
[Result "1/2-1/2"]
[White "Peter S Poobalasingam"]
[Black "Alexander Cherniaev"]
[WhiteElo "2235"]
[BlackElo "2438"]
[PlyCount "70"]

1. e4 c5 2. Nf3 d6 3. d4 Nf6 4. Nc3 cxd4 5. Nxd4 a6 6. Be2 g6
7. Be3 Bg7 8. g4 h5 9. gxh5 Nxh5 10. Qd2 Nc6 11. O-O-O Qa5
12. Kb1 Be6 13. Nxe6 fxe6 14. Bg4 Bxc3 15. Qxc3 Qxc3 16. bxc3
e5 17. Be6 Nf4 18. Bb3 Rc8 19. Rdg1 Ne2 20. Rxg6 Nxc3+ 21. Kb2
Nd4 22. Rg4 Kd7 23. h4 b5 24. h5 a5 25. Bxd4 exd4 26. h6 a4
27. Bf7 Rcf8 28. Bg6 Rxf2 29. Bf5+ Kc6 30. h7 a3+ 31. Kxa3
Ra8+ 32. Kb3 Rf3 33. e5 Na4+ 34. Bd3 Nc5+ 35. Kb2 Nxd3+
1/2-1/2

[Event "Hastings Chess Congress"]
[Site "Hastings ENG"]
[Date "2009.01.02"]
[EventDate "2008.12.28"]
[Round "6"]
[Result "1-0"]
[White "Adam Hunt"]
[Black "Felix J Kwiatkowski"]
[WhiteElo "2431"]
[BlackElo "2219"]
[PlyCount "81"]

1. e4 c5 2. Nf3 Nc6 3. d4 cxd4 4. Nxd4 Nf6 5. Nc3 e5 6. Ndb5
d6 7. Bg5 a6 8. Na3 b5 9. Bxf6 gxf6 10. Nd5 f5 11. g3 Bg7
12. Bg2 fxe4 13. Bxe4 Be6 14. Qh5 Rc8 15. Rd1 Ne7 16. c3 Rc5
17. Nb4 Qb6 18. Qg5 Kf8 19. Qe3 f5 20. Bg2 e4 21. Nac2 a5
22. Nd4 Bd7 23. Nbc2 Kf7 24. O-O Rf8 25. f3 exf3 26. Nxf3 Kg8
27. Ng5 Be5 28. b4 axb4 29. cxb4 Rc6 30. Bxc6 Qxc6 31. Nd4 Qc4
32. Qb3 Qxb3 33. axb3 h6 34. Ndf3 Bc6 35. Ne6 Bxf3 36. Rxf3
Rc8 37. Nd4 Bxd4+ 38. Rxd4 d5 39. g4 fxg4 40. Rxg4+ Kh8
41. Rf6 1-0

[Event "Hastings Chess Congress"]
[Site "Hastings ENG"]
[Date "2009.01.02"]
[EventDate "2008.12.28"]
[Round "6"]
[Result "1/2-1/2"]
[White "Luc Bergez"]
[Black "Nikoloz Chkhaidze"]
[WhiteElo "2356"]
[BlackElo "2203"]
[PlyCount "87"]

1. e4 c6 2. d4 d5 3. e5 c5 4. dxc5 Nc6 5. Bb5 e6 6. Be3 Bd7
7. Bxc6 Bxc6 8. Nf3 Qc7 9. Qd3 Nh6 10. Nc3 Nf5 11. b4 a5
12. Nb5 Bxb5 13. Qxb5+ Qd7 14. Qxd7+ Kxd7 15. c3 b6 16. cxb6
axb4 17. cxb4 Nxe3 18. fxe3 Bxb4+ 19. Ke2 Rhb8 20. Ng5 Bc3
21. Rac1 Rxa2+ 22. Kd3 Bxe5 23. Nxf7 Bd6 24. Ra1 Rxa1 25. Rxa1
Rxb6 26. Nxd6 Kxd6 27. Ra7 g5 28. Rxh7 Rb2 29. g3 e5 30. e4 d4
31. Rh6+ Ke7 32. Rg6 Rxh2 33. Rxg5 Kf6 34. Rg8 Rh1 35. Kc4 Re1
36. Kd5 d3 37. Rf8+ Kg5 38. Rf2 Re2 39. Rf3 d2 40. Rd3 Kf6
41. g4 Kg5 42. Kxe5 Kxg4 43. Kd4 Kf4 44. Kc3 1/2-1/2

[Event "Hastings Chess Congress"]
[Site "Hastings ENG"]
[Date "2009.01.02"]
[EventDate "2008.12.28"]
[Round "6"]
[Result "1/2-1/2"]
[White "Ian Snape"]
[Black "Vladimir Prosviriakov"]
[WhiteElo "2219"]
[BlackElo "2327"]
[PlyCount "73"]

1. e4 e5 2. f4 exf4 3. Nf3 d6 4. Bc4 g5 5. d4 Bg7 6. g3 g4
7. Nh4 Nc6 8. c3 Nf6 9. Bxf4 Nxe4 10. Qd3 O-O 11. Nd2 d5
12. Bb3 Be6 13. Bc2 f5 14. O-O-O Qd7 15. Qe3 b5 16. h3 b4
17. hxg4 bxc3 18. bxc3 Qe7 19. Nxe4 Qa3+ 20. Kd2 fxe4 21. Nf5
Bxf5 22. gxf5 Na5 23. Bb3 Nxb3+ 24. axb3 Rxf5 25. b4 a5
26. bxa5 Rb8 27. Rc1 Qxa5 28. Bh6 Rb2+ 29. Ke1 Qa6 30. Bf4 Rf6
31. Rh5 c6 32. c4 Rf7 33. cxd5 Qa5+ 34. Qc3 Qb5 35. Qc4 Qa5+
36. Qc3 Qb5 37. Qc4 1/2-1/2

[Event "Hastings Chess Congress"]
[Site "Hastings ENG"]
[Date "2009.01.02"]
[EventDate "2008.12.28"]
[Round "6"]
[Result "1/2-1/2"]
[White "Oliver Jackson"]
[Black "Petr Marusenko"]
[WhiteElo "2182"]
[BlackElo "2320"]
[PlyCount "65"]

1. e4 c6 2. d4 d5 3. Nc3 dxe4 4. Nxe4 Bf5 5. Ng3 Bg6 6. h4 h6
7. N1e2 Nf6 8. Nf4 Bh7 9. Bc4 e6 10. Qe2 Bd6 11. c3 O-O
12. O-O Qc7 13. Nfh5 Nbd7 14. Qf3 c5 15. Nxg7 Bxg3 16. Bxh6
Bh2+ 17. Kh1 Be4 18. Qe3 Kh7 19. f3 Bg6 20. h5 Bxh5 21. Bd3+
Bg6 22. Bxg6+ fxg6 23. Nxe6 Qd6 24. dxc5 Qe5 25. Nxf8+ Nxf8
26. Qxe5 Bxe5 27. Bxf8 Rxf8 28. Rfe1 Bg3 29. Re7+ Kh6 30. Rd1
Nh5 31. Rdd7 Rc8 32. Rh7+ Kg5 33. Rd5+ 1/2-1/2

[Event "Hastings Chess Congress"]
[Site "Hastings ENG"]
[Date "2009.01.02"]
[EventDate "2008.12.28"]
[Round "6"]
[Result "0-1"]
[White "Andrew D Green"]
[Black "Konstantinos Nikolaidis"]
[WhiteElo "2102"]
[BlackElo "2264"]
[PlyCount "97"]

1. e4 c6 2. d4 d5 3. e5 c5 4. dxc5 e6 5. Nf3 Bxc5 6. Bd3 Nc6
7. O-O Nge7 8. a3 Ng6 9. Re1 Qb6 10. Qe2 O-O 11. b4 Nd4
12. Nxd4 Bxd4 13. Be3 Bxe3 14. Qxe3 Qxe3 15. Rxe3 Bd7 16. Nd2
Ba4 17. c4 Ne7 18. Rc1 Rfc8 19. Ree1 dxc4 20. Bxc4 Nf5 21. Ne4
Rc7 22. Nc5 Be8 23. Red1 Rac8 24. Bd3 Ne7 25. Be4 b6 26. Nd3
Ba4 27. Rxc7 Rxc7 28. Rc1 Rxc1+ 29. Nxc1 Ng6 30. Bxg6 hxg6
31. f4 f6 32. Kf2 Kf7 33. Ke3 Bc6 34. g3 Bd5 35. h4 Ke7
36. Ne2 Kd7 37. Kd4 Bf3 38. Nc3 Bc6 39. Nd1 Bf3 40. Ne3 f5
41. Nc4 Be2 42. Nd6 Bf1 43. Nf7 Be2 44. Ng5 Ke7 45. a4 Bd1
46. a5 Be2 47. Nh3 Kd7 48. Ng5 Ke7 49. Nh3 0-1

[Event "Hastings Chess Congress"]
[Site "Hastings ENG"]
[Date "2009.01.02"]
[EventDate "2008.12.28"]
[Round "6"]
[Result "1/2-1/2"]
[White "John N Sugden"]
[Black "Daniel Gormally"]
[WhiteElo "2173"]
[BlackElo "2514"]
[PlyCount "117"]

1. e4 c5 2. Nc3 Nc6 3. g3 g6 4. Bg2 Bg7 5. d3 d6 6. f4 Nf6
7. Nf3 Bg4 8. h3 Bxf3 9. Qxf3 O-O 10. O-O Rb8 11. g4 b5 12. f5
Nd7 13. Be3 e6 14. Kh1 b4 15. Nd1 Qa5 16. Qg3 Be5 17. Qf2 Bd4
18. g5 b3 19. c3 Bxe3 20. Nxe3 Nde5 21. Qh4 h5 22. gxh6 Qd8
23. h7+ Kh8 24. f6 Nd7 25. Ng4 Nce5 26. Qh6 Nxf6 27. Nxf6 Nxd3
28. axb3 Qe7 29. Qd2 Ne5 30. Ra3 Rb6 31. Qe2 Rfb8 32. Ng4 Rxb3
33. Rxb3 Rxb3 34. Nxe5 dxe5 35. Rf2 Kxh7 36. Qf3 Kg7 37. Qg3
f6 38. Bf1 Qb7 39. Qg2 Qd7 40. Bc4 Rb6 41. Rd2 Rd6 42. Rxd6
Qxd6 43. Qe2 f5 44. Kg1 Qe7 45. Qe3 Qd6 46. Kf2 Qe7 47. Ke2
Qd6 48. Qd3 Qe7 49. Bb3 Qg5 50. Bxe6 Qg2+ 51. Kd1 f4 52. Kc1
f3 53. Bg4 Qg1+ 54. Kc2 f2 55. Be2 Qa1 56. Bf1 a5 57. Kb3 a4+
58. Kc4 Qxb2 59. Qd7+ 1/2-1/2

[Event "Hastings Chess Congress"]
[Site "Hastings ENG"]
[Date "2009.01.02"]
[EventDate "2008.12.28"]
[Round "6"]
[Result "0-1"]
[White "Sohel Chowdhury"]
[Black "Uriel Capo Vidal"]
[WhiteElo "2168"]
[BlackElo "2340"]
[PlyCount "108"]

1. e4 c5 2. Nc3 Nc6 3. g3 g6 4. Bg2 Bg7 5. d3 e6 6. f4 Nge7
7. Nf3 b6 8. O-O O-O 9. Be3 d5 10. Bf2 dxe4 11. dxe4 Ba6
12. Re1 Qc7 13. e5 Rad8 14. Qc1 Nf5 15. Ne4 Ncd4 16. Nxd4 Nxd4
17. c4 Bb7 18. Bxd4 Rxd4 19. Qc2 Rfd8 20. Rad1 Bxe4 21. Bxe4
Qd7 22. Bf3 h6 23. Rxd4 cxd4 24. Qd3 Qa4 25. a3 Bf8 26. Bd1
Qc6 27. h4 Rc8 28. Bb3 a6 29. a4 h5 30. Kh2 Rb8 31. Rg1 b5
32. cxb5 axb5 33. a5 Rc8 34. g4 hxg4 35. Rxg4 Qc1 36. Qxd4 Bc5
37. Qd3 Ba7 38. h5 g5 39. a6 Qxb2+ 40. Rg2 Qc1 41. Qf3 Bc5
42. Rxg5+ Kh8 43. h6 Be3 44. Rg4 Qb2+ 45. Kh3 Qxb3 46. a7 Qa3
47. Rg3 Qa1 48. h7 Bxa7 49. Qg2 Kxh7 50. Qe4+ Kh6 51. Qf3 Rc1
52. Kh2 Rc2+ 53. Kh3 Rf2 54. Qa8 Qf1+ 0-1

[Event "Hastings Chess Congress"]
[Site "Hastings ENG"]
[Date "2009.01.02"]
[EventDate "2008.12.28"]
[Round "6"]
[Result "0-1"]
[White "David Ledger"]
[Black "James R Adair"]
[WhiteElo "2254"]
[BlackElo "2072"]
[PlyCount "88"]

1. e4 c5 2. b3 d6 3. Bb2 Nf6 4. Bb5+ Bd7 5. Bxd7+ Qxd7 6. d3
Nc6 7. f4 d5 8. Nd2 d4 9. Ngf3 Ng4 10. Nf1 g6 11. h3 Nf6
12. g4 Bg7 13. Ng3 Qc7 14. Bc1 O-O-O 15. Bd2 h5 16. g5 Nd7
17. Nh4 Nf8 18. Qf3 f6 19. gxf6 Bxf6 20. Ng2 Ne6 21. e5 Bg7
22. h4 Nb4 23. Bxb4 cxb4 24. O-O-O Rdf8 25. Qe4 Nxf4 26. Nxf4
Rxf4 27. Qxg6 Rf2 28. Qe6+ Kb8 29. Qc4 Qxe5 30. Ne4 Rc8
31. Nxf2 Rxc4 32. bxc4 Qe3+ 33. Rd2 Bh6 34. Ne4 Qf3 35. Re1
Bxd2+ 36. Nxd2 Qf2 37. Re4 a5 38. Nb3 a4 39. Nxd4 Qf1+ 40. Kd2
Qa1 41. Nb5 Qxa2 42. Rxe7 Kc8 43. Nd6+ Kd8 44. Rxb7 b3 0-1

[Event "Hastings Chess Congress"]
[Site "Hastings ENG"]
[Date "2009.01.02"]
[EventDate "2008.12.28"]
[Round "6"]
[Result "1-0"]
[White "Gavin R Lock"]
[Black "Chino C Atako"]
[WhiteElo "2252"]
[BlackElo "2100"]
[PlyCount "93"]

1. Nf3 f5 2. d4 Nf6 3. Bg5 e6 4. Nbd2 Be7 5. Bxf6 Bxf6 6. e4
d5 7. exd5 exd5 8. Bd3 O-O 9. O-O c5 10. c3 cxd4 11. Nxd4 Bxd4
12. cxd4 Nc6 13. Nf3 Qb6 14. Qb3 Qxb3 15. axb3 a6 16. Bb5 Nd8
17. Rfc1 Ne6 18. h4 Rb8 19. Bf1 Bd7 20. Ra5 Bc6 21. Bxa6 Ra8
22. b4 Rfc8 23. Bf1 Kf8 24. g3 Ke7 25. Bd3 g6 26. Kf1 Kd6
27. Ke2 b6 28. Ra3 Re8 29. Kd2 Rxa3 30. bxa3 b5 31. Rc3 Re7
32. Bf1 Ra7 33. Ne5 Nxd4 34. Nxc6 Nxc6 35. Bxb5 Ne5 36. Ke3
Ng4+ 37. Kf3 Ke5 38. a4 Rb7 39. Ke2 Re7 40. f3 Kd4+ 41. Kd2
Ne5 42. Kc2 Ra7 43. f4 Nf7 44. Kd2 Nd6 45. Rd3+ Ke4 46. Bc6
Nc4+ 47. Ke2 1-0

[Event "Hastings Chess Congress"]
[Site "Hastings ENG"]
[Date "2009.01.02"]
[EventDate "2008.12.28"]
[Round "6"]
[Result "0-1"]
[White "George E O'Toole"]
[Black "Michael J R White"]
[WhiteElo "2054"]
[BlackElo "2242"]
[PlyCount "112"]

1. e4 c5 2. c3 d5 3. exd5 Qxd5 4. d4 Nc6 5. Nf3 Bg4 6. Be2
cxd4 7. cxd4 e6 8. h3 Bh5 9. O-O Nf6 10. Nc3 Qa5 11. a3 Bd6
12. Qb3 Bxf3 13. Bxf3 Nxd4 14. Qxb7 Rb8 15. b4 Qe5 16. Bc6+
Nxc6 17. Qxc6+ Ke7 18. Rd1 Rhc8 19. Qxd6+ Qxd6 20. Rxd6 Kxd6
21. Bb2 a5 22. b5 Nd5 23. Ne4+ Ke7 24. Be5 Rb6 25. a4 f6
26. Bd4 Rbb8 27. Ba7 Ra8 28. b6 Rxa7 29. bxa7 Ra8 30. Nd2 Rxa7
31. Nc4 e5 32. f3 Ke6 33. Kf2 Nf4 34. Rb1 Kd5 35. Ne3+ Kd4
36. h4 Kc3 37. g3 Nd3+ 38. Ke2 Nb2 39. Rc1+ Kb3 40. f4 exf4
41. gxf4 Nxa4 42. Nf5 Nc3+ 43. Ke3 Kb2 44. Rg1 Rd7 45. Rg2+
Kb1 46. Nd4 Nd5+ 47. Ke4 a4 48. Nb5 Kc1 49. f5 Nb4 50. Rg1+
Kb2 51. Rg2+ Kb3 52. Rg3+ Kb2 53. Rg2+ Nc2 54. h5 Kb3 55. Rg1
a3 56. Rb1+ Kc4 0-1

[Event "Hastings Chess Congress"]
[Site "Hastings ENG"]
[Date "2009.01.02"]
[EventDate "2008.12.28"]
[Round "6"]
[Result "0-1"]
[White "George Dickson"]
[Black "David Spence"]
[WhiteElo "2135"]
[BlackElo "2214"]
[PlyCount "68"]

1. e4 e6 2. d4 d5 3. e5 c5 4. c3 Qb6 5. Nf3 Nc6 6. a3 c4
7. Nbd2 f6 8. Be2 fxe5 9. Nxe5 Nxe5 10. dxe5 Bc5 11. O-O Ne7
12. b4 cxb3 13. Nxb3 O-O 14. Nxc5 Qxc5 15. Qd4 Qc7 16. f4 Bd7
17. Bd2 Be8 18. g4 Bg6 19. Bf3 Kh8 20. h4 h6 21. Kg2 Nc6
22. Qc5 Rad8 23. a4 b6 24. Qa3 Bd3 25. Rf2 Na5 26. Re1 Nc4
27. Qc1 Rc8 28. f5 exf5 29. Bxh6 gxh6 30. Bxd5 Qg7 31. Rf3 Be4
32. Bxe4 fxe4 33. Rxf8+ Rxf8 34. Rxe4 Nxe5 0-1

[Event "Hastings Chess Congress"]
[Site "Hastings ENG"]
[Date "2009.01.02"]
[EventDate "2008.12.28"]
[Round "6"]
[Result "1-0"]
[White "Malek Mohammed Abdul"]
[Black "James J McDonnell"]
[WhiteElo "2264"]
[BlackElo "2041"]
[PlyCount "59"]

1. d4 d5 2. c4 c6 3. Nf3 Nf6 4. e3 Bf5 5. Bd3 e6 6. Bxf5 exf5
7. cxd5 Nxd5 8. O-O Nd7 9. Nbd2 N7f6 10. Qc2 Qc8 11. a3 Be7
12. b3 O-O 13. Bb2 Re8 14. Rfe1 Bf8 15. Ne5 Qe6 16. f3 Rac8
17. e4 fxe4 18. fxe4 Nf4 19. Ndf3 h6 20. Rad1 Nd7 21. Kh1 Nxe5
22. Nxe5 Ng6 23. Nf3 Qg4 24. Bc1 Bd6 25. h3 Qg3 26. e5 Bb8
27. Re4 h5 28. Ng5 Nxe5 29. Bf4 Qh4 30. g3 1-0

[Event "Hastings Chess Congress"]
[Site "Hastings ENG"]
[Date "2009.01.02"]
[EventDate "2008.12.28"]
[Round "6"]
[Result "1/2-1/2"]
[White "Norman Hutchinson"]
[Black "Jacques Bernard"]
[WhiteElo "2075"]
[BlackElo "2257"]
[PlyCount "42"]

1. e4 c5 2. c3 d6 3. d4 Nf6 4. Bd3 Nc6 5. d5 Ne5 6. Bc2 Ng6
7. f4 e6 8. dxe6 fxe6 9. Nf3 Be7 10. O-O O-O 11. Ng5 Qc7
12. Qe2 Bd7 13. Na3 a6 14. Bd2 b5 15. Rae1 Rae8 16. e5 dxe5
17. fxe5 Nd5 18. Qh5 Bxg5 19. Rxf8+ Rxf8 20. Bxg5 Be8 21. Nb1
Ngf4 1/2-1/2

[Event "Hastings Chess Congress"]
[Site "Hastings ENG"]
[Date "2009.01.02"]
[EventDate "2008.12.28"]
[Round "6"]
[Result "1/2-1/2"]
[White "Bernard Cafferty"]
[Black "Rasa Norinkeviciute"]
[WhiteElo "2179"]
[BlackElo "2005"]
[PlyCount "30"]

1. Nf3 g6 2. e4 Bg7 3. d4 d6 4. c3 Nd7 5. Bc4 e6 6. Bg5 Ne7
7. Nbd2 h6 8. Bh4 Nb6 9. Bb3 a6 10. Qe2 Bd7 11. O-O-O Ba4
12. h3 Qd7 13. Ne1 Bxb3 14. axb3 Qb5 15. Qxb5+ axb5 1/2-1/2

[Event "Hastings Chess Congress"]
[Site "Hastings ENG"]
[Date "2009.01.02"]
[EventDate "2008.12.28"]
[Round "6"]
[Result "1/2-1/2"]
[White "Adrian O Pickersgill"]
[Black "Martyn Goodger"]
[WhiteElo "2043"]
[BlackElo "2164"]
[PlyCount "51"]

1. e4 e6 2. Nf3 d5 3. e5 c5 4. b4 cxb4 5. a3 Nc6 6. axb4 Bxb4
7. c3 Be7 8. d4 f5 9. Bd3 Nh6 10. Bxh6 gxh6 11. h4 Rg8 12. g3
Bd7 13. Qd2 Bf8 14. Na3 Bxa3 15. Rxa3 Qe7 16. Ra2 Qg7 17. O-O
O-O-O 18. Kh1 Rdf8 19. Rg1 Be8 20. Raa1 Bh5 21. Nh2 Bg4
22. Qf4 Kb8 23. Rgb1 Ka8 24. Bb5 Ne7 25. Qc1 Nc8 26. Qf4
1/2-1/2